Films en images - R - Statistiques

Statistiques générales
  • Ce quiz a été pris 309 fois
  • Le résultat moyen est 9 sur 16
Statistiques - réponses
Par images Réponse % Correct
Retour vers le futur
98%
Rocky
97%
Rambo
89%
RRRrrrr!!!
82%
Rasta Rockett
73%
The Revenant
73%
Roméo + Juliette
65%
Ready Player One
61%
Raid dingue
53%
Rain Man
45%
Le Roi
35%
Radin
35%
Reservoir Dogs
33%
Les Rivières pourpres
16%
Room
14%
Remember me
13%
Aucun quiz correspondant
Distribution des résultats
% des personnes avec chaque résultat
Percentile par nombre de réponses
Votre historique - résultats
Vous n’avez pas pris ce quiz